MARC

LEADER 00000nam0a2200000 4500
001 93659
005 20231101213912.0
035 |a (RuTPU)RU\TPU\book\100271 
090 |a 93659 
100 |a 20060330d1976 m y0rusy50 ca 
101 0 |a rus 
102 |a RU 
105 |a a z 001zy 
200 1 |a Математические модели планирования и управления в экономических системах  |f Э. М. Браверман  |g под ред. С. В. Емельянова 
210 |a Москва  |c Наука  |d 1976 
215 |a 368 с.  |c ил. 
320 |a Библиогр.: с. 10. 
320 |a Предм. указ.: с. 362-366. 
606 1 |a Экономика  |x Математические методы  |2 stltpush  |3 (RuTPU)RU\TPU\subj\80754  |9 88355 
610 1 |a экономика 
610 1 |a экономические системы 
610 1 |a математические методы 
610 1 |a математические модели 
610 1 |a планирование 
610 1 |a управление 
610 1 |a линейное программирование 
610 1 |a транспортная задача 
610 1 |a игры 
610 1 |a экстремумы 
610 1 |a выпуклые функции 
610 1 |a вогнутые функции 
610 1 |a равновесие 
610 1 |a теория 
686 |a Ув631  |2 rubbk 
700 1 |a Браверман  |b Э. М.  |g Эммануил Маркович 
702 1 |a Емельянов  |b С. В.  |4 340 
801 1 |a RU  |b 63413507  |c 20060330  |g PSBO 
801 2 |a RU  |b 63413507  |c 20221011  |g PSBO 
942 |c BK